000
00311 a2200157 4500
001
69760
020
_a
8585885955
040
_c
Anchieta - Itaigara
100
_a
Heck, Egon
240
1
0
_a
Ásia
_l
por
245
1
0
_a
Ásia
300
_a
12
362
0
_a
0
650
4
_a
Literatura infanto-juvenil
942
_c
BK
999
_c
69760
_d
69760